1020 1749 1950 1063 1574 1468 1067 1124 1704 1446 1874 1888 1340 1643 1479 1111 1160 1739 1414 1168 1321 1802 1241 1225 1037 1500 1313 1621 1227 1098 1202 1207 1069 1472 1748 1470 1276 1456 1197 1462 1353 1145 1349 1319 1028 1283 1626 1593 1436 1178 1707 1251 1920 1500 1388 1351 1925 1407 1261 1852 1143 1521 1625 1465 1180 1244 1291 1870 1202 1328 1332 1331 1174 1532 1464 1725 1518 1376 1360 1204 1484 1427 1944 1987 1667 1736 1993 1256 1805 1602 1172 1877 1573 1834 1094 1474 1486 1354 1197 BCNSPRNW ULIB Ver.6.0+V

เปลี่ยนเป็นภาษาไทย

Change to English
 แสดงรายละเอียดบรรณานุกรม
  กลับหน้าหลัก

Brief Record : Get Marc (ISO 2709) : E-mail record : QR code < ปิดหน้าต่าง
LEADER : 00000nas 2200000uu 4500
001    13399114998
003     ULIB
008    020711s|||| th a 000 0 tha d
022    ^a22292365
110    ^aมหาวิทยาลัยศรีนครินทรวิโรฒ
245    ^aวารสารวิจัยและพัฒนาหลักสูตร /^cมหาวิทยาลัยศรีนครินทรวิโรฒ
260    ^aกรุงเทพฯ :^bมหาวิทยาลัยศรีนครินทรวิโรฒ,^cม.ป.ป.
310    ^aราย 6 เดือน
850 ^a ULIB^bปีที่ 1 ฉบับที่ 1 ;ปีที่ 1 ฉบับที่ 2 ฉ.1 ;ปีที่ 3 ฉบับที่ 1 ฉ.1 ;ปีที่ 3 ฉบับที่ 2 ฉ.1 ;ปีที่ 4 ฉบับที่ 1 ฉ.1 ;ปีที่ 4 ฉบับที่ 2 ฉ.1
945    ^p0^l0^i900503
945    ^p0^l0^i902883
945    ^p0^l0^i902884
945    ^p0^l0^i902885
945    ^p0^l0^i902886
945    ^p0^l0^i902887
รายการนี้ยังไม่มีแท็ก
คุณยังไม่ได้ล็อกอิน คุณสามารถมีกิจกรรมร่วมกับเว็บไซต์ได้ แต่ต้องล็อกอินก่อน ::
  ล็อกอิน

รายการสื่อสารสนเทศ (วารสาร)

ดูแบบ: กล่อง รายการ
ARRIVED
ปีที่ 1 ฉบับที่ 1
สถานที่: ห้องสมุดวิทยาเขตสวรรค์ประชารักษ์ >วารสาร
ARRIVED
ปีที่ 1 ฉบับที่ 2 ฉ.1
สถานที่: ห้องสมุดวิทยาเขตสวรรค์ประชารักษ์ >วารสาร
ARRIVED
ปีที่ 3 ฉบับที่ 1 ฉ.1
สถานที่: ห้องสมุดวิทยาเขตสวรรค์ประชารักษ์ >วารสาร
ARRIVED
ปีที่ 3 ฉบับที่ 2 ฉ.1
สถานที่: ห้องสมุดวิทยาเขตสวรรค์ประชารักษ์ >วารสาร
ARRIVED
ปีที่ 4 ฉบับที่ 1 ฉ.1
สถานที่: ห้องสมุดวิทยาเขตสวรรค์ประชารักษ์ >วารสาร
ARRIVED
ปีที่ 4 ฉบับที่ 2 ฉ.1
สถานที่: ห้องสมุดวิทยาเขตสวรรค์ประชารักษ์ >หนังสือพิมพ์
รายการใกล้เคียง
    ผู้แต่ง []

BibComment


ยังไม่เคยถูกคอมเมนท์

คอมเมนท์ทรัพยากรรายการนี้
  คอมเมนท์: วารสารวิจัยและพั..


 Copyright 2026. Bcnsprnw @Library